000 01033nam a2200313 a 4500
001 000004203
003 DO-SdBPM
005 20260422140238.0
007 ta
008 090720s2012 dr bc 001 0 spa d
040 _aDO-SdBPM
_bspa
_cBPMSU
_erda
082 0 4 _a923.287
_bB689b, 2012
_222
092 _a
245 1 0 _aBiografía de Simón Bolívar /
_beditor L. Almanzor González Canahuate
_c
250 _a
260 _c
264 _aSanto Domingo :
_b Movimiento Social Duartiano-Bolivariano
_c2012
300 _apáginas ;
_c21 cm.
_b
336 _atexto
_btxt
_2rdacontent
337 _asin mediación
_bn
_2rdamedia
338 _avolumen
_bnc
_2rdacarrier
590 _aInventariado, 2026/VM
590 _6Inventariado, 2026/VM
600 1 7 _aBolívar, Simón
_b1783-1830
_x Pensamiento político y social
651 4 _aVenezuela
_xHistoria
_yGuerra de independencia, 810-1823
710 2 _a Movimiento Social Duartiano-Bolivariano
910 _aVMateo V. Control de calidad. BPMSU
942 _2ddc
_cBK
999 _c15787
_d15787